| 000 | 00712nam a2200229Ia 4500 | ||
|---|---|---|---|
| 001 | 1069 | ||
| 003 | GE_BSU | ||
| 008 | 181216s||||||||xx |||||||||||||| ||und|| | ||
| 040 | _cGE_BSU | ||
| 080 | _a616:579.2 | ||
| 100 | _aСтивенсон,А; Девидсон,Б. | ||
| 245 | _aМедико-генетическое консультирование | ||
| 245 | _bПер. с англ.Т.В.Поспеловой и В.А.Поспелова | ||
| 245 | _cПод ред.Ю.Я.Керкиса | ||
| 260 | _aМосква | ||
| 260 | _bМир | ||
| 260 | _c1972 | ||
| 300 | _a504стр. | ||
| 541 | _h12л. | ||
| 653 | _aМедико-генетическое консультирование | ||
| 942 | _cBK | ||
| 999 |
_c35223 _d35223 |
||